Matemática 9: livro do professor

Gespeichert in:
Bibliographische Detailangaben
1. Verfasser: Burnay, Maria José
Weitere Verfasser: Gomes, Francelino Vieira, Leonor
Format: keine Angabe
Sprache:Portugiesisch
Erschienen: Lisboa O Livro D.L. 1996
Katalog:MANES:  Suchergebnis im Bibliothekskatalog
Schulbuchspezifische Eigenschaften:
Tags: Tag hinzufügen
Keine Tags, Fügen Sie den ersten Tag hinzu!
Hinzugefügt zu:26.04.2016
Geändert in:25.04.2025

MARC

LEADER 000000000a22000000004500
001 27831
003 OSt
005 20250425111440.0
008 160427s pt ||||| |||| 00| 0 por d
040 |c centro_manes 
041 1 |a por 
100 1 |a Burnay, Maria José  |9 15567 
245 0 0 |a Matemática 9: livro do professor 
260 3 |a Lisboa  |b O Livro  |c D.L. 1996 
300 |a 16 p.;  |c 26 cm 
561 |5 pt-BNP  |a Portugal. Biblioteca Nacional de Portugal  |k MANES 
690 0 |a MATE 
691 |a SE 
700 1 |a Gomes, Francelino  |9 15430  |a Vieira, Leonor  |9 15570 
942 |2 ddc  |c BK 
546 |a Portugal 
999 |c 29293  |d 29293 
999 |c manes:29293  |d 29293